00794 2200277 4500001002100000005001700021008004100038020001800079035002400097082001000121090002000131100002800151245011200179250001100291260003100302300002400333500002800357650003200385700001800417850001500435980001500450985000600465999001500471999001500486999001500501YOGYA-0209000003551020090227025022.0 ind  a979-413-813-4 0010-020900000035510 a179.9 a179.9bMon DlT aMonsanto, Carmen Pernia aDalam kehidupanbmemupuk kepercayaan dan harga diricCarmen Pernia Monsanto ; penerjemah oleh, Steve Geroda aCet. 6 aYogyakartabKanisiusc1999 a34 hlmbilusc21 cm aJudul asli : In Silence aHarga diri (Filsafat etika) aGeroda, Steve aYOPDYOG(b) a30-09-2006 a3 a00B0000766 a00B0000767 a00B0000768